[Event "Reykjavik Open 2018"]
[Site "Reykjavik ISL"]
[Date "2018.03.12"]
[Round "7.60"]
[White "Seyb, Dieter"]
[Black "Goldammer, Christian"]
[Result "0-1"]
[WhiteTitle "FM"]
[WhiteElo "2192"]
[BlackElo "1885"]
[WhiteFideId "4603346"]
[BlackFideId "30947200"]
[EventDate "2018.03.06"]

1. e4 c5 2. Nf3 d6 3. c3 Nf6 4. Bd3 g6 5. Bc2 Bg7 6. h3 Nc6 7. d4 cxd4 8. cxd4
O-O 9. Nc3 e5 10. O-O Qb6 11. d5 Ne7 12. Be3 Qxb2 13. Qd3 Nxe4 14. Nxe4 f5 15.
Nfd2 fxe4 16. Nxe4 Bf5 17. Rab1 Bxe4 18. Qxe4 Qxa2 19. Rxb7 Nf5 20. Qa4 Qxa4 21.
Bxa4 Nxe3 22. fxe3 Bh6 23. Rxf8+ Rxf8 24. e4 Be3+ 25. Kh2 Bc5 26. Rb2 Kg7 27.
Bd1 Rf7 28. Rb5 Rc7 29. h4 Bb6 30. Rb4 Bc5 31. Rb5 Bb6 32. Rb4 Rc1 33. Bf3 Kf6
34. h5 gxh5 35. Bxh5 Kg5 36. Be2 Kf4 37. Bd3 Bg1+ 38. Kh3 Bf2 39. Rb1 Rxb1 40.
Bxb1 Ke3 41. Kg4 Kd2 42. Kg5 Be3+ 43. Kf6 a5 44. Ke6 Bc5 45. g4 h6 0-1

[Event "Reykjavik Open 2018"]
[Site "Reykjavik ISL"]
[Date "2018.03.12"]
[Round "7.61"]
[White "Finsterwalder, Sebastian"]
[Black "Johannsson, Birkir Isak"]
[Result "1/2-1/2"]
[WhiteElo "2187"]
[BlackElo "1867"]
[WhiteFideId "24632090"]
[BlackFideId "2314673"]
[EventDate "2018.03.06"]

1. d4 d5 2. c4 c6 3. Nf3 Nf6 4. e3 e6 5. b3 c5 6. cxd5 Nxd5 7. Bb2 cxd4 8. Nxd4
e5 9. Nb5 Bb4+ 10. N1c3 Be6 11. a3 Bxc3+ 12. Nxc3 Nc6 13. Be2 Nxc3 14. Bxc3
Qxd1+ 15. Bxd1 f6 16. Rc1 O-O 17. Bd2 Rfd8 18. Bc2 Rd7 19. Ke2 Rad8 20. Rhd1 Ne7
21. Ba5 Rxd1 22. Bxd1 Rd7 23. Bd2 Kf7 24. a4 Bf5 25. f3 Bd3+ 26. Ke1 e4 27. b4
a6 28. Bb3+ Kg6 29. Rc5 exf3 30. gxf3 Nc6 31. Bc3 Ne7 32. e4 b6 33. Be6 Rd6 34.
Bf5+ Kh6 35. Bd2+ g5 36. Rc7 Nxf5 37. exf5 Bxf5 38. Ra7 Bd3 39. Be3 Kg6 40. Rb7
Bc2 41. b5 axb5 42. axb5 Bd3 43. Rxb6 Rxb6 44. Bxb6 Bxb5 45. Bc7 Kh5 46. Bg3 f5
47. f4 gxf4 48. Bxf4 Kg4 49. Bd6 Kf3 50. Bc5 f4 51. Bf2 Kg2 52. h4 h5 53. Bd4 f3
54. Be3 Be2 55. Bd4 Kh3 56. Bf2 Kg2 1/2-1/2

[Event "Reykjavik Open 2018"]
[Site "Reykjavik ISL"]
[Date "2018.03.12"]
[Round "7.62"]
[White "Green, Per"]
[Black "Vidic, Teja"]
[Result "0-1"]
[BlackTitle "WFM"]
[WhiteElo "1961"]
[BlackElo "2180"]
[WhiteFideId "1703811"]
[BlackFideId "14605511"]
[EventDate "2018.03.06"]

1. c4 e5 2. Nc3 Nf6 3. Nf3 Nc6 4. d4 exd4 5. Nxd4 Bb4 6. Bg5 h6 7. Bh4 Ne5 8.
Qb3 a5 9. e3 O-O 10. Be2 Ng6 11. Bg3 Ne4 12. Rd1 d6 13. a3 Bxc3+ 14. bxc3 Nc5
15. Qc2 Bd7 16. Nb5 Bc6 17. O-O Qe7 18. Rd2 Ne5 19. Nd4 Be4 20. Qd1 b6 21. f3
Bb7 22. e4 Rac8 23. Re1 Ba6 24. Nb5 Qe8 25. a4 f6 26. Bf2 Ne6 27. Bf1 Qf7 28.
Qb3 Kh8 29. Red1 Nd7 30. Qa2 Ndc5 31. Nd4 Qe8 32. Nxe6 Qxe6 33. Bxc5 bxc5 34.
Rb2 Rb8 35. Rdb1 Rxb2 36. Rxb2 Qe5 37. Qb3 Qf4 38. Qc2 Re8 39. Rb1 h5 40. Qd3
Qe5 41. Qd5 Bc8 42. Qf7 f5 43. Qxh5+ Kg8 44. Bd3 Bd7 45. Rc1 Qf4 46. Rd1 Bxa4
47. Bc2 Bd7 48. Kf2 a4 49. exf5 Qe3+ 50. Kg3 Qxc3 51. Bb1 Qf6 52. Be4 c6 53. Kf2
a3 54. Rxd6 Qxd6 55. f6 Qd4+ 56. Kf1 Qxf6 57. Bh7+ Kf8 58. Qxc5+ Qe7 0-1

[Event "Reykjavik Open 2018"]
[Site "Reykjavik ISL"]
[Date "2018.03.12"]
[Round "7.63"]
[White "Jacobsen, Heidrikur T."]
[Black "Loftsson, Hrafn"]
[Result "1/2-1/2"]
[WhiteElo "1887"]
[BlackElo "2169"]
[WhiteFideId "7200340"]
[BlackFideId "2300729"]
[EventDate "2018.03.06"]

1. d4 g6 2. e4 Bg7 3. Be3 c6 4. c3 d5 5. e5 f6 6. f4 Nh6 7. Bd3 O-O 8. Nf3 Qb6
9. Qb3 Bg4 10. Nbd2 Nd7 11. O-O Bf5 12. Bxf5 Nxf5 13. Bf2 fxe5 14. fxe5 Bh6 15.
Rae1 e6 16. g4 Ne7 17. Bh4 Rae8 18. Ng5 Nc8 19. Rxf8+ Rxf8 20. Rf1 Rxf1+ 21.
Nxf1 Qxb3 22. axb3 Bxg5 23. Bxg5 c5 24. Kf2 cxd4 25. cxd4 Kf7 26. Ke3 Ne7 27.
Kd3 Nc6 28. Bf4 Ndb8 29. Bd2 Na6 30. Ne3 Nab4+ 1/2-1/2

[Event "Reykjavik Open 2018"]
[Site "Reykjavik ISL"]
[Date "2018.03.12"]
[Round "7.64"]
[White "Fridjonsson, Julius"]
[Black "Mirza, Diana"]
[Result "1-0"]
[BlackTitle "WFM"]
[WhiteElo "2167"]
[BlackElo "1849"]
[WhiteFideId "2300842"]
[BlackFideId "2503999"]
[EventDate "2018.03.06"]

1. c4 c5 2. Nc3 Nc6 3. Nf3 e5 4. a3 g6 5. g3 Bg7 6. Bg2 Nge7 7. O-O O-O 8. d3 d6
9. Rb1 f5 10. Ne1 a5 11. Nc2 Be6 12. Ne3 f4 13. Ned5 g5 14. b4 Rb8 15. bxc5 dxc5
16. Nb6 Ng6 17. Ne4 Qe7 18. Rb5 Nd4 19. Rxc5 g4 20. Re1 f3 21. Bg5 fxe2 22. Rxe2
Nxe2+ 23. Qxe2 Qf7 24. Nd6 Nf4 25. Bxf4 Qe7 26. Bxe5 Bf5 27. Bd5+ Kh8 28. Bxg7+
Qxg7 29. Be4 Bxe4 30. Nxe4 Rbe8 31. Rxa5 Re6 32. Rb5 Qd4 33. Qb2 Qxb2 34. Rxb2
Rf3 35. Kg2 Re5 36. Nd7 Ra5 37. Rxb7 Rxd3 38. Ndf6 1-0

[Event "Reykjavik Open 2018"]
[Site "Reykjavik ISL"]
[Date "2018.03.12"]
[Round "7.65"]
[White "Jacobsen, Mikkel Manosri"]
[Black "Briem, Stephan"]
[Result "1-0"]
[WhiteTitle "FM"]
[WhiteElo "2161"]
[BlackElo "1841"]
[WhiteFideId "1444514"]
[BlackFideId "2312506"]
[EventDate "2018.03.06"]

1. d4 e6 2. Nf3 f5 3. Nc3 Nf6 4. Bg5 d5 5. e3 Be7 6. Bd3 O-O 7. Ne2 Ne4 8. Bxe7
Qxe7 9. a3 Nd7 10. c4 c6 11. Rc1 g5 12. h3 a5 13. Bxe4 dxe4 14. Ne5 Nxe5 15.
dxe5 Rd8 16. Qc2 Qc5 17. Rd1 Rd7 18. h4 gxh4 19. Qc3 Rxd1+ 20. Kxd1 b6 21. Nf4
Ba6 22. Nxe6 Qxc4 23. Qxc4 Bxc4 24. Nd4 Re8 25. Rxh4 Rxe5 26. Rh5 Rd5 27. Rxf5
c5 28. Rxd5 Bxd5 29. Nb5 Kf7 30. Nc3 Bc6 31. Ke2 Ke6 32. a4 Ke5 33. f4+ exf3+
34. gxf3 h5 35. Kf2 h4 36. Kg2 Bd7 37. f4+ Kd6 38. e4 Bg4 39. Nd5 Kc6 40. Ne3
Be6 41. f5 Bb3 42. Kh3 Kd6 43. Ng4 Bxa4 44. Kxh4 Bb3 45. Kg5 Ke7 46. Kg6 Kf8 47.
e5 c4 48. e6 c3 49. bxc3 a4 50. Ne5 a3 51. c4 Bxc4 52. Nxc4 a2 53. f6 a1=Q 54.
e7+ Ke8 55. Nd6+ Kd7 56. e8=Q+ Kxd6 57. Qe7+ Kc6 58. Qe6+ Kb5 59. f7 Qg1+ 60.
Kf6 1-0

[Event "Reykjavik Open 2018"]
[Site "Reykjavik ISL"]
[Date "2018.03.12"]
[Round "7.66"]
[White "Eiriksson, Sigurdur"]
[Black "Adocchio, Giampiero"]
[Result "0-1"]
[WhiteElo "1866"]
[BlackElo "2157"]
[WhiteFideId "2302314"]
[BlackFideId "4666011"]
[EventDate "2018.03.06"]

1. d4 Nf6 2. Bf4 c5 3. d5 b5 4. a4 Bb7 5. e4 Nxe4 6. axb5 e6 7. c4 Qf6 8. Nh3
Qxb2 9. Nd2 Nxd2 10. Bxd2 exd5 11. cxd5 Bxd5 12. Rb1 Qe5+ 13. Be3 Be4 14. Rc1
Be7 15. Nf4 O-O 16. Nd3 Bxd3 17. Bxd3 d5 18. O-O Nd7 19. Re1 Qd6 20. g3 Rfe8 21.
Bf4 Qb6 22. Be3 Bf8 23. Qf3 Ne5 24. Qe2 Nxd3 25. Qxd3 d4 26. Bf4 Bd6 27. Bd2 h6
28. Ra1 Rxe1+ 29. Bxe1 Re8 30. Bd2 Qb7 31. Ra6 Bc7 32. Rc6 Bb6 33. Qf3 Qe7 34.
Bf4 Qe1+ 35. Kg2 Qe4 36. Bd6 d3 37. Bxc5 Qxf3+ 38. Kxf3 d2 0-1

[Event "Reykjavik Open 2018"]
[Site "Reykjavik ISL"]
[Date "2018.03.12"]
[Round "7.67"]
[White "Agustsson, Hafsteinn"]
[Black "Karlsson, Mikael Johann"]
[Result "0-1"]
[WhiteElo "1853"]
[BlackElo "2150"]
[WhiteFideId "2302047"]
[BlackFideId "2305194"]
[EventDate "2018.03.06"]

1. e4 c5 2. Nf3 Nc6 3. d4 cxd4 4. Nxd4 Qb6 5. Nb3 Nf6 6. Nc3 e6 7. Be3 Qc7 8. a3
a6 9. Be2 Be7 10. O-O b5 11. f4 d6 12. Bf3 Bb7 13. g4 O-O 14. g5 Nd7 15. Kh1
Rfe8 16. Bg2 g6 17. Qg4 b4 18. axb4 Nxb4 19. Rac1 Bf8 20. h4 Bg7 21. h5 f5 22.
Qh4 fxe4 23. hxg6 hxg6 24. Nxe4 Nd5 25. Bd4 e5 26. fxe5 dxe5 27. Bc3 Nf4 28.
Rxf4 exf4 29. Bxg7 Bxe4 30. Bxe4 Rxe4 31. Qh8+ Kf7 32. Qxa8 Re8 33. Qd5+ Kxg7
34. Nd4 Nf8 35. Nf3 Re2 36. c4 Qc8 37. Qd4+ Kg8 38. Qxf4 Qh3+ 39. Nh2 Qg2# 0-1

[Event "Reykjavik Open 2018"]
[Site "Reykjavik ISL"]
[Date "2018.03.12"]
[Round "7.68"]
[White "Densing, Gerd"]
[Black "Baldursson, Hrannar"]
[Result "0-1"]
[WhiteElo "1831"]
[BlackElo "2130"]
[WhiteFideId "24621013"]
[BlackFideId "2301156"]
[EventDate "2018.03.06"]

1. d4 Nf6 2. Nf3 d6 3. Nc3 Bg4 4. e3 Nbd7 5. Be2 c6 6. O-O e6 7. h3 Bh5 8. b3
Be7 9. Bb2 d5 10. Nh2 Bg6 11. Bd3 Qc7 12. Bxg6 hxg6 13. Ng4 Nxg4 14. Qxg4 Nf6
15. Qf3 O-O-O 16. e4 Rh4 17. e5 Nh7 18. Qxf7 Ng5 19. Qxg6 Rdh8 20. f4 R4h6 21.
Qd3 Nxh3+ 22. gxh3 Rxh3 23. Rf3 Rh1+ 24. Kf2 R1h2+ 25. Ke3 g5 26. Ne2 gxf4+ 27.
Nxf4 Bg5 28. Qg6 Qe7 29. Rg1 Bh6 30. Kd3 Rf8 31. Bc1 Kb8 32. Rgf1 Qb4 33. Ne2
Qb5+ 34. c4 dxc4+ 35. Kc3 Rxf3+ 36. Rxf3 cxb3 37. Qe8+ Kc7 38. Rf7+ Kb6 39. Qe7
Rh3+ 40. Kb2 Qxe2+ 0-1

[Event "Reykjavik Open 2018"]
[Site "Reykjavik ISL"]
[Date "2018.03.12"]
[Round "7.69"]
[White "Halldorsson, Bragi"]
[Black "Chan, Daniel"]
[Result "1-0"]
[WhiteElo "2126"]
[BlackElo "1816"]
[WhiteFideId "2300907"]
[BlackFideId "142050"]
[EventDate "2018.03.06"]

1. d4 e6 2. c4 f5 3. g3 Nf6 4. Bg2 d5 5. Nf3 c6 6. O-O Bd6 7. b3 Qe7 8. e3 O-O
9. Bb2 Bd7 10. Nbd2 Be8 11. Ne5 Nbd7 12. Nd3 Ne4 13. Qe1 g5 14. f3 Nxd2 15. Qxd2
Bg6 16. Rae1 h6 17. e4 fxe4 18. fxe4 Rxf1+ 19. Kxf1 Rf8+ 20. Kg1 Bxe4 21. Bxe4
dxe4 22. Rxe4 Qf7 23. Qe2 Re8 24. Kg2 Qg6 25. h4 h5 26. hxg5 Qxg5 27. Qe1 Kh7
28. Bc1 Qg6 29. Bf4 Bf8 30. Nf2 Bg7 31. Nh3 Bf6 32. Rxe6 Rxe6 33. Qxe6 Nf8 34.
Qd6 Qe4+ 35. Kf1 Qb1+ 36. Ke2 Qe4+ 37. Be3 Qg4+ 38. Kd2 Qxh3 39. Qxf6 Qg2+ 40.
Kd3 Kg8 41. Qg5+ Kf7 42. Qxh5+ Ng6 43. Qf5+ Kg7 44. Qf2 Qh1 45. Bg5 Qb1+ 46. Kc3
Qa1+ 47. Kb4 1-0

[Event "Reykjavik Open 2018"]
[Site "Reykjavik ISL"]
[Date "2018.03.12"]
[Round "7.70"]
[White "Ingvason, Johann"]
[Black "Coffman, Charles Z"]
[Result "1-0"]
[WhiteElo "2126"]
[BlackElo "1814"]
[WhiteFideId "2301431"]
[BlackFideId "2091933"]
[EventDate "2018.03.06"]

1. e4 c5 2. Nf3 e6 3. d4 cxd4 4. Nxd4 Nc6 5. Nc3 Qc7 6. Be3 a6 7. Be2 Nf6 8. O-O
b5 9. f4 b4 10. e5 bxc3 11. exf6 cxb2 12. fxg7 Bxg7 13. Rb1 Qb6 14. Nf5 Qa5 15.
Nxg7+ Kf8 16. Nh5 Qxa2 17. Qd6+ Kg8 18. f5 exf5 19. Bh6 Bb7 20. Nf6# 1-0

[Event "Reykjavik Open 2018"]
[Site "Reykjavik ISL"]
[Date "2018.03.12"]
[Round "7.71"]
[White "Kristjansson, Atli Freyr"]
[Black "Sigurthorsson, Kristinn J"]
[Result "1-0"]
[WhiteElo "2123"]
[BlackElo "1744"]
[WhiteFideId "2302268"]
[BlackFideId "2311585"]
[EventDate "2018.03.06"]

1. d4 d5 2. c4 Nc6 3. Nf3 Bg4 4. e3 e6 5. Nc3 Nf6 6. h3 Bh5 7. Be2 Bb4 8. O-O
Bxc3 9. bxc3 Ne4 10. Bb2 O-O 11. cxd5 exd5 12. c4 Ne7 13. Rc1 c6 14. Ba3 Re8 15.
Re1 Qa5 16. Bxe7 Rxe7 17. Qc2 Bxf3 18. Bxf3 Nd2 19. Be2 Nxc4 20. Bxc4 dxc4 21.
Qxc4 Rae8 22. Qc5 Qxc5 23. Rxc5 g6 24. Rb1 Rd8 25. g4 Rdd7 26. Kg2 Kg7 27. Kf3
Rd6 28. a4 a6 29. a5 h6 30. h4 Rf6+ 31. Kg3 Rd6 32. Rb3 Kf6 33. g5+ Kg7 34. f4
h5 35. Kf3 f5 36. gxf6+ Kxf6 37. Rb4 Rde6 38. Re5 Rd7 39. Rc4 Red6 40. Rcc5 Re6
41. Ke4 Rde7 42. Rxe6+ Rxe6+ 43. Kd3 Rd6 44. e4 Rd8 45. Rg5 Rh8 46. Kc4 Rh7 47.
Kc5 Rd7 48. f5 gxf5 49. Rxf5+ Kg6 50. Rg5+ Kh6 51. d5 cxd5 52. exd5 Rc7+ 53. Kb6
Rc4 54. d6 Rxh4 55. Rd5 Rb4+ 56. Kc7 1-0

[Event "Reykjavik Open 2018"]
[Site "Reykjavik ISL"]
[Date "2018.03.12"]
[Round "7.72"]
[White "Hallsson, Jon Eggert"]
[Black "Bucher, Grant W"]
[Result "0-1"]
[WhiteElo "1684"]
[BlackElo "2121"]
[WhiteFideId "2311569"]
[BlackFideId "413810"]
[EventDate "2018.03.06"]

1. f4 Nf6 2. Nf3 d5 3. e3 c5 4. Be2 Nc6 5. O-O g6 6. Ne5 Bg7 7. c4 O-O 8. Nxc6
bxc6 9. Nc3 Qd6 10. d3 Rd8 11. Kh1 Be6 12. Qe1 Bf5 13. Qf2 dxc4 14. dxc4 Ne4 15.
Nxe4 Bxe4 16. a4 Rab8 17. Ra2 Qe6 18. Re1 Bb1 19. Ra1 Bd3 20. Qf1 Qxc4 21. Bxd3
Qxd3 22. Qf2 c4 23. e4 Bd4 24. Qe2 Qxe2 25. Rxe2 c3 26. g3 cxb2 0-1

[Event "Reykjavik Open 2018"]
[Site "Reykjavik ISL"]
[Date "2018.03.12"]
[Round "7.73"]
[White "Kvamme, John A"]
[Black "Fjallheim, Leif Reinert"]
[Result "1-0"]
[WhiteElo "2108"]
[BlackElo "1737"]
[WhiteFideId "1500562"]
[BlackFideId "7201788"]
[EventDate "2018.03.06"]

1. d4 Nf6 2. Nf3 g6 3. Bf4 Bg7 4. e3 d6 5. h3 O-O 6. Be2 c5 7. c3 a6 8. a4 b6 9.
O-O Bb7 10. Nbd2 Nbd7 11. Qb3 Re8 12. Bh2 Rb8 13. Rfe1 Nf8 14. Bc4 d5 15. Bf1 c4
16. Qc2 Rc8 17. Ne5 N8d7 18. Nxd7 Qxd7 19. f3 e6 20. e4 Kh8 21. e5 Ng8 22. f4
Bc6 23. Nf3 b5 24. axb5 axb5 25. g4 Nh6 26. Bg3 Ra8 27. Bh4 Ra7 28. Bf6 Rea8 29.
Rxa7 Qxa7 30. Qd2 Qb7 31. f5 Ng8 32. Bxg7+ Kxg7 33. f6+ Kf8 34. g5 Ra4 35. Qf4
Nh6 36. gxh6 b4 37. Ng5 Kg8 38. h4 bxc3 39. bxc3 Qb2 40. h5 Qxc3 41. Re3 Qd2 42.
hxg6 Ra3 43. gxf7+ Kf8 44. Nxe6+ Kxf7 45. Rxa3 c3 46. Qxd2 cxd2 47. Rd3 1-0

[Event "Reykjavik Open 2018"]
[Site "Reykjavik ISL"]
[Date "2018.03.12"]
[Round "7.74"]
[White "Kvendseth, Thyra"]
[Black "Jonsson, Gauti Pall"]
[Result "1/2-1/2"]
[WhiteElo "1757"]
[BlackElo "2104"]
[WhiteFideId "1520628"]
[BlackFideId "2309092"]
[EventDate "2018.03.06"]

1. d4 e6 2. c4 f5 3. g3 Nf6 4. Bg2 Be7 5. Nf3 O-O 6. O-O d6 7. b3 Ne4 8. Bb2 Bf6
9. Nbd2 Nxd2 10. Qxd2 Qe8 11. Rfe1 Qg6 12. Qd3 Nc6 13. a3 Kh8 14. e4 e5 15. dxe5
dxe5 16. exf5 Bxf5 17. Qe3 Rfe8 18. Nh4 Bxh4 19. gxh4 Nd4 20. Bxd4 exd4 21. Qg5
Qxg5 22. hxg5 Rxe1+ 23. Rxe1 Bc2 24. Bxb7 Rd8 25. Re2 d3 26. Rd2 Rb8 27. Be4
Rxb3 28. a4 g6 29. Kg2 Rc3 30. a5 Rxc4 31. Bxd3 Bxd3 32. Rxd3 Rg4+ 33. Kf3 Rxg5
34. Rd8+ Kg7 35. Rd7+ Kh6 36. Rxc7 Rxa5 37. h4 Ra4 38. Kg3 a5 39. Ra7 Ra1 40.
Kg2 a4 41. Kh2 Ra3 42. Kg2 Ra2 43. Kg3 a3 44. Kf3 Ra1 45. Kg2 a2 46. Kh2 Kh5 47.
Rxh7+ Kg4 48. Ra7 Kxh4 49. Ra4+ Kh5 50. Kg2 Kg5 51. Kh2 Kf5 52. Kg2 Ke5 53. Kh2
Kd5 54. Kg2 Kc5 55. Kh2 Kb5 56. Ra8 Kb6 57. Kg2 Kb7 1/2-1/2

[Event "Reykjavik Open 2018"]
[Site "Reykjavik ISL"]
[Date "2018.03.12"]
[Round "7.75"]
[White "Thorsteinsdottir, Hallgerdur"]
[Black "Flynn, Jacob"]
[Result "1/2-1/2"]
[WhiteTitle "WFM"]
[WhiteElo "2041"]
[BlackElo "1710"]
[WhiteFideId "2302454"]
[BlackFideId "2509393"]
[EventDate "2018.03.06"]

1. d4 d5 2. c4 e6 3. e3 Nf6 4. Nf3 Be7 5. Nc3 O-O 6. Bd3 a6 7. b3 Nbd7 8. O-O b6
9. Ne5 Bb7 10. Qc2 c5 11. Bb2 Rc8 12. Rac1 h6 13. Qe2 dxc4 14. bxc4 Rc7 15. a4
Qa8 16. f3 Qc8 17. Rfd1 Nb8 18. Ne4 Nc6 19. Nxf6+ Bxf6 20. Ng4 Be7 21. Bb1 Nb4
22. Qe1 Rd8 23. Qg3 Kf8 24. d5 exd5 25. Bxg7+ Kxg7 26. Ne5+ Kf8 27. Nxf7 Bh4 28.
Qf4 Rxf7 29. Qxh6+ Kg8 30. Qxh4 Qc7 31. cxd5 Rxd5 32. Rxd5 Bxd5 33. Rd1 Qe7 34.
Qg3+ Rg7 35. Qf4 Qg5 36. Qb8+ Kf7 37. Qc7+ Kg8 38. Qb8+ 1/2-1/2

[Event "Reykjavik Open 2018"]
[Site "Reykjavik ISL"]
[Date "2018.03.12"]
[Round "7.76"]
[White "Arnarsson, Hrannar"]
[Black "Jonsson, Sveinbjorn"]
[Result "1-0"]
[WhiteElo "2029"]
[BlackElo "1682"]
[WhiteFideId "2301121"]
[BlackFideId "2303248"]
[EventDate "2018.03.06"]

1. e4 g6 2. d4 Bg7 3. Nc3 c6 4. Be3 d6 5. Qd2 Nd7 6. f4 e6 7. O-O-O Ne7 8. Be2
d5 9. e5 b5 10. g4 a5 11. Kb1 Nb6 12. Rc1 b4 13. Nd1 Nc4 14. Bxc4 dxc4 15. c3
Nd5 16. cxb4 axb4 17. Rxc4 Qb6 18. b3 Ba6 19. Rc2 O-O 20. Ne2 Bb5 21. Nc1 Ra3
22. h4 Rfa8 23. h5 Qa6 24. hxg6 hxg6 25. f5 Nxe3 26. Nxe3 exf5 27. gxf5 gxf5 28.
Rb2 Qc8 29. Qh2 Kf8 30. Qh7 Rxa2 31. Rxa2 Rxa2 32. Nxa2 Bd3+ 33. Kb2 Qd7 34. Qh4
c5 35. Rd1 Be4 36. Nc4 cxd4 37. Nxb4 d3 38. Qf2 Qe7 39. Nxd3 Bxd3 40. Rxd3 Bxe5+
41. Nxe5 1-0

[Event "Reykjavik Open 2018"]
[Site "Reykjavik ISL"]
[Date "2018.03.12"]
[Round "7.77"]
[White "Sigurvaldason, Hjalmar"]
[Black "Magnusson, Magnus"]
[Result "0-1"]
[WhiteElo "1499"]
[BlackElo "2023"]
[WhiteFideId "2306018"]
[BlackFideId "2302128"]
[EventDate "2018.03.06"]

1. d4 Nf6 2. c4 e6 3. Nf3 Bb4+ 4. Nc3 Bxc3+ 5. bxc3 d6 6. Bg5 Nbd7 7. e3 h6 8.
Bxf6 Qxf6 9. g3 O-O 10. Bg2 Re8 11. O-O Nf8 12. Nd2 e5 13. f4 exd4 14. exd4 c6
15. c5 Bf5 16. cxd6 Qxd6 17. Nc4 Qc7 18. a4 Rad8 19. a5 f6 20. Rf2 Be6 21. Nd2
Bd5 22. Bxd5+ cxd5 23. Qb3 Re3 24. Rf3 Re2 25. Nf1 Qd7 26. Re3 Re8 27. Rxe8 Rxe8
28. Rb1 Re7 29. c4 dxc4 30. Qxc4+ Kh8 31. Qc5 Ne6 32. Qxa7 Nxd4 33. Qb6 Qd5 34.
Rb2 Ne2+ 35. Kf2 Nc3 36. Ne3 Qd3 37. Ng4 Nd1+ 38. Kg2 Nxb2 39. Nxf6 Re2+ 40. Kh3
Qf5+ 0-1

[Event "Reykjavik Open 2018"]
[Site "Reykjavik ISL"]
[Date "2018.03.12"]
[Round "7.78"]
[White "Shaw, Robin A"]
[Black "Maxion, Dirk"]
[Result "0-1"]
[BlackTitle "FM"]
[WhiteElo "1770"]
[BlackElo "2187"]
[WhiteFideId "3204677"]
[BlackFideId "4601777"]
[EventDate "2018.03.06"]

1. e4 c5 2. d4 cxd4 3. c3 Nf6 4. e5 Nd5 5. Qxd4 e6 6. Nf3 Nc6 7. Qe4 Qc7 8. Bb5
b6 9. O-O Bb7 10. Rd1 Nde7 11. Bf4 h6 12. h3 a6 13. Be2 Ng6 14. Nbd2 Nb4 15. Qc4
Qxc4 16. Bxc4 Nxf4 17. cxb4 Bxb4 18. Bf1 Rc8 19. Rac1 O-O 20. Rc4 Nd5 21. Rdc1
b5 22. Rxc8 Rxc8 23. Rxc8+ Bxc8 24. a3 Bc5 25. Ne4 Be7 26. g3 f6 27. b4 Bb7 28.
Bd3 Nb6 29. exf6 gxf6 30. Nh4 Kf7 31. Ng6 Bxe4 32. Bxe4 Nc4 33. Nxe7 Kxe7 34.
Bb7 d5 35. Bxa6 Nd6 36. Kf1 Kd7 37. Ke2 Kc6 38. a4 bxa4 39. Bd3 a3 40. Bb1 Kb5
41. Kd3 Ne4 42. f3 Nxg3 43. Kc3 Ne2+ 44. Kb3 a2 45. Bd3+ Kb6 46. Kxa2 Nc1+ 0-1

[Event "Reykjavik Open 2018"]
[Site "Reykjavik ISL"]
[Date "2018.03.12"]
[Round "7.79"]
[White "Miranda Herrera, Miguel"]
[Black "Coleman, David J"]
[Result "0-1"]
[BlackTitle "CM"]
[WhiteElo "1722"]
[BlackElo "2107"]
[WhiteFideId "24507067"]
[BlackFideId "402087"]
[EventDate "2018.03.06"]

1. e4 c5 2. b4 cxb4 3. d4 g6 4. a3 Bg7 5. axb4 d6 6. Be3 Nf6 7. f3 O-O 8. c3 d5
9. e5 Nfd7 10. Bd3 Nb6 11. Nd2 Be6 12. Ne2 Qc8 13. h4 Bf5 14. Bxf5 Qxf5 15. Nf4
Qc8 16. Qc1 e6 17. h5 Nc6 18. Nd3 Ne7 19. Bg5 Qc7 20. Bf6 Bxf6 21. exf6 Qg3+ 22.
Kf1 Nf5 23. Ne4 dxe4 24. Rh3 exd3 25. Rxg3 Nxg3+ 26. Kf2 Nxh5 27. Qg5 Nd7 28.
Qb5 Nhxf6 29. Qxb7 Rfc8 30. Rc1 Rab8 31. Qxa7 d2 32. Rd1 Rxc3 33. Rxd2 Rxb4 34.
g4 h6 35. g5 hxg5 36. Qa8+ Rb8 37. Qa5 Rbb3 38. Qd8+ Kg7 39. Ra2 Rxf3+ 40. Ke2
Rh3 0-1

[Event "Reykjavik Open 2018"]
[Site "Reykjavik ISL"]
[Date "2018.03.12"]
[Round "7.80"]
[White "Petersson, Baldur Teodor"]
[Black "Jonsson, Olafur Gisli"]
[Result "0-1"]
[WhiteTitle "CM"]
[WhiteElo "2073"]
[BlackElo "1822"]
[WhiteFideId "2309157"]
[BlackFideId "2302705"]
[EventDate "2018.03.06"]

1. c4 c5 2. Nc3 Nf6 3. g3 e6 4. Bg2 d5 5. cxd5 exd5 6. d4 cxd4 7. Qxd4 Nc6 8.
Qa4 d4 9. Nb5 Bb4+ 10. Kf1 O-O 11. Bg5 d3 12. Rd1 Bf5 13. e4 Bg4 14. f3 Be6 15.
e5 Bc4 16. b3 Bxb5 17. Qxb5 Qd4 18. exf6 Bc5 19. Nh3 Rad8 20. fxg7 Rfe8 21. Bxd8
Re2 22. Qxd3 Rf2+ 23. Kg1 Qb2 24. Qc4 Rxg2+ 25. Kf1 Rf2+ 26. Kg1 Rd2+ 0-1

[Event "Reykjavik Open 2018"]
[Site "Reykjavik ISL"]
[Date "2018.03.12"]
[Round "7.81"]
[White "Lunn, Matthew"]
[Black "Pedersen, Soren Sandmann"]
[Result "1-0"]
[WhiteElo "2069"]
[BlackElo "1794"]
[WhiteFideId "405485"]
[BlackFideId "30929717"]
[EventDate "2018.03.06"]

1. d4 d5 2. c4 c6 3. Nf3 Nf6 4. e3 Bf5 5. Nc3 e6 6. Nh4 Bg6 7. Nxg6 hxg6 8. g3
Nbd7 9. Bg2 dxc4 10. O-O e5 11. Qe2 Be7 12. Qxc4 Nb6 13. Qe2 exd4 14. Rd1 O-O
15. Rxd4 Qc7 16. e4 Bc5 17. Bf4 Qe7 18. Rdd1 Nfd7 19. h4 Ne5 20. Bh3 f6 21. Be3
Rad8 22. Rac1 Bxe3 23. Qxe3 Rxd1+ 24. Rxd1 Rd8 25. Rxd8+ Qxd8 26. Kg2 Qd3 27.
Qxd3 Nxd3 28. b3 a5 29. f4 Kf7 30. Kf3 Ke7 31. Ke3 Nc5 32. Kd4 Ne6+ 33. Bxe6
Kxe6 34. g4 Nd7 35. Ne2 f5 36. gxf5+ gxf5 37. e5 b5 38. h5 c5+ 39. Kd3 Nb6 40.
Nc3 Nd5 41. Nxd5 Kxd5 42. Kc3 c4 43. bxc4+ bxc4 44. a4 Kc5 45. e6 Kd6 46. Kxc4
Kxe6 47. Kc5 Kf7 48. Kd5 g5 49. fxg5 1-0

[Event "Reykjavik Open 2018"]
[Site "Reykjavik ISL"]
[Date "2018.03.12"]
[Round "7.82"]
[White "Kumar, Naman"]
[Black "Peoples, Jonathon"]
[Result "1-0"]
[WhiteElo "2045"]
[BlackElo "1763"]
[WhiteFideId "30908922"]
[BlackFideId "2509520"]
[EventDate "2018.03.06"]

1. e4 e5 2. Nf3 Nc6 3. Bc4 Bc5 4. c3 Nf6 5. d3 a6 6. Bb3 d6 7. Nbd2 O-O 8. O-O
Ba7 9. Re1 Be6 10. h3 h6 11. Nf1 Re8 12. Ng3 d5 13. Qe2 d4 14. Nh4 Qd7 15. Qf3
dxc3 16. bxc3 Bxb3 17. axb3 Rad8 18. Rd1 Re6 19. Ngf5 Kh7 20. Ra4 g5 21. Nxh6
gxh4 22. Qf5+ Kh8 23. Bg5 Qe7 24. Ng4 Rg8 25. Bxf6+ Rxf6 26. Nxf6 Rg6 27. Nd5
Qf8 28. Qh5+ Rh6 29. Qf3 Qg7 30. Ne3 Ne7 31. Nf5 Nxf5 32. exf5 1-0

[Event "Reykjavik Open 2018"]
[Site "Reykjavik ISL"]
[Date "2018.03.12"]
[Round "7.83"]
[White "Kurt, Herbert"]
[Black "Marentini, Marcel"]
[Result "0-1"]
[WhiteElo "1682"]
[BlackElo "2024"]
[WhiteFideId "16232526"]
[BlackFideId "1318730"]
[EventDate "2018.03.06"]

1. Nf3 d6 2. g3 f5 3. Bg2 Nf6 4. d3 g6 5. O-O Bg7 6. Nbd2 O-O 7. c3 Nc6 8. e4 e5
9. Qb3+ Kh8 10. Re1 Nh5 11. Nf1 f4 12. gxf4 Nxf4 13. Bxf4 Rxf4 14. N1d2 g5 15.
Rf1 g4 16. Ne1 Qh4 17. Bh1 Rf6 18. f3 g3 19. hxg3 Qxg3+ 20. Ng2 Bh6 21. Rae1
Bxd2 22. Re2 Bf4 0-1